THE BUDDHABHASITA DASABHADRA KARMAMARGA SUTRA (Record no. 4705)
[ view plain ]
| 000 -LEADER | |
|---|---|
| fixed length control field | 00308nam a22001217a 4500 |
| 082 ## - DEWEY DECIMAL CLASSIFICATION NUMBER | |
| Classification number | 200 |
| Item number | NAN/B |
| 100 ## - MAIN ENTRY--AUTHOR NAME | |
| Personal name | NANJIO, SIKSHANANDA |
| 245 ## - TITLE STATEMENT | |
| Title | THE BUDDHABHASITA DASABHADRA KARMAMARGA SUTRA |
| 260 ## - PUBLICATION, DISTRIBUTION, ETC. (IMPRINT) | |
| Place of publication | TAIWAN |
| Name of publisher | THE BUDDHA EDUCATIONAL FOUNDATION |
| 300 ## - PHYSICAL DESCRIPTION | |
| Number of Pages | 32 |
| 650 ## - SUBJECT ADDED ENTRY--TOPICAL TERM | |
| Topical Term | SPIRITUAL |
| Geographic subdivision | TAIWAN |
| 942 ## - ADDED ENTRY ELEMENTS (KOHA) | |
| Koha item type | Books |
| Withdrawn status | Lost status | Collection code | Home library | Current library | Shelving location | Date acquired | Source of acquisition | Full call number | Accession Number | Koha item type |
|---|---|---|---|---|---|---|---|---|---|---|
| Non-fiction | Main Library | Main Library | SHELF 15B-U,V,W SECTION NOVELS& FICTION | 14/07/2016 | purchase | 200 NAN/B | 04370 | Books | ||
| Reference | Main Library | Main Library | SHELF 15B-U,V,W SECTION NOVELS& FICTION | 14/07/2016 | purchase | 200 NAN/B | 04368 | Books | ||
| Fiction | Main Library | Main Library | SHELF 15B-U,V,W SECTION NOVELS& FICTION | 14/07/2016 | purchase | 200 NAN/B | 04371 | Books | ||
| Non-fiction | Main Library | Main Library | SHELF 15B-U,V,W SECTION NOVELS& FICTION | 14/07/2016 | purchase | 200 NAN/B | 04369 | Books |